5HLuxD.jpg

KING HENRY VIII SENIOR AND PRIMARY SCHOOL LIBRARY OPAC

Reflect, reading & writing. (Record no. 2798)

000 -LEADER
fixed length control field 00840cam a22002651a 4500
001 - CONTROL NUMBER
control field 464761
003 - CONTROL NUMBER IDENTIFIER
control field OSt
005 - DATE AND TIME OF LATEST TRANSACTION
control field 20230822092620.0
008 - FIXED-LENGTH DATA ELEMENTS--GENERAL INFORMATION
fixed length control field 221213s2022 maua 000 0 eng d
020 ## - INTERNATIONAL STANDARD BOOK NUMBER
International Standard Book Number 9780357448526
Qualifying information (student book)
040 ## - CATALOGING SOURCE
Original cataloging agency NHU
Transcribing agency KH8
042 ## - AUTHENTICATION CODE
Authentication code nbic
082 04 - DEWEY DECIMAL CLASSIFICATION NUMBER
Classification number 428.24 WIL
Edition number 23
100 1# - MAIN ENTRY--PERSONAL NAME
Personal name Williams, Jessica,
Relator term author.
245 10 - TITLE STATEMENT
Title Reflect, reading & writing.
Number of part/section of a work 5 /
Statement of responsibility, etc. Jessica Williams.
246 30 - VARYING FORM OF TITLE
Title proper/short title Reflect, reading and writing.
260 ## - PUBLICATION, DISTRIBUTION, ETC.
Place of publication, distribution, etc. Boston, MA :
Name of publisher, distributor, etc. Cengage Learning,
Date of publication, distribution, etc. c2022.
300 ## - PHYSICAL DESCRIPTION
Extent ix, 192 p. :
Other physical details col. ill. ;
Dimensions 28 cm.
500 ## - GENERAL NOTE
General note Includes one online access code.
650 #0 - SUBJECT ADDED ENTRY--TOPICAL TERM
Topical term or geographic name entry element English language
Form subdivision Textbooks for foreign speakers.
650 #0 - SUBJECT ADDED ENTRY--TOPICAL TERM
Topical term or geographic name entry element English language
General subdivision Spoken English
Form subdivision Problems, exercises, etc.
650 #0 - SUBJECT ADDED ENTRY--TOPICAL TERM
Topical term or geographic name entry element English language
General subdivision Writing.
650 #0 - SUBJECT ADDED ENTRY--TOPICAL TERM
Topical term or geographic name entry element Reading.
942 ## - ADDED ENTRY ELEMENTS (KOHA)
Source of classification or shelving scheme
Koha item type Teaching Resources
Holdings
Withdrawn status Lost status Source of classification or shelving scheme Damaged status Not for loan Collection code Permanent Location Current Location Shelving location Date acquired Total Checkouts Full call number Barcode Date due Date last seen Date last checked out Price effective from Koha item type
          Teaching Resources KH8 Senior School Library KH8 Senior School Library Staff Office 2023-08-22 2 428.24 WIL TRKHSL002219 2026-07-03 2025-08-20 2025-08-20 2023-08-22 Teaching Resources

Powered By KH8 IT Dept